Paving the way : contributions of interactive conflict resolution to peacemaking /

Bibliographic Details
Other Authors: Fisher, Ronald J.
Format: Book
Language:English
Published: Lanham, Md. : Lexington Books, [2005]
Subjects:
Online Access:Table of contents

MARC

Tag First Indicator Second Indicator Subfields
LEADER 00000cam a22000004a 4500
001 in00002038521
005 20151101050543.0
008 040902s2005 mdua b 001 0 eng
010 |a  2004020885 
020 |a 0739106740 (cloth : alk. paper) 
035 |a (OCoLC)ocm56421910 
040 |a DLC  |c DLC  |d UtOrBLW 
042 |a pcc 
049 |a TXAM 
050 0 0 |a JZ6045  |b .C66 2005 
082 0 0 |a 327.1/72  |2 22 
245 0 0 |a Paving the way :  |b contributions of interactive conflict resolution to peacemaking /  |c edited by Ronald J. Fisher. 
264 1 |a Lanham, Md. :  |b Lexington Books,  |c [2005] 
264 4 |c ©2005 
300 |a x, 251 pages :  |b illustrations ;  |c 24 cm. 
336 |a text  |b txt  |2 rdacontent 
337 |a unmediated  |b n  |2 rdamedia 
338 |a volume  |b nc  |2 rdacarrier 
504 |a Includes bibliographical references (pages 231-240) and index. 
650 0 |a Mediation, International  |v Case studies. 
650 0 |a Conflict management  |v Case studies. 
650 0 |a Pacific settlement of international disputes  |v Case studies. 
700 1 |a Fisher, Ronald J. 
856 4 1 |3 Table of contents  |u http://www.loc.gov/catdir/toc/ecip0422/2004020885.html  |t 0 
945 |i PromptCat 
947 |a A14831519958 
948 |a cataloged  |b h  |c 2005/3/8  |d c  |e dmitchel  |f 2:24:20 pm 
994 |a 92  |b TXA 
999 |a MARS 
999 f f |s bd601d86-3fef-3a64-9483-b398534b6b53  |i fd6663bc-f00d-31db-abc4-ad98d960f870  |t 0 
952 f f |p ric  |a Texas A&M University  |b Rellis Campus  |c Joint Library Facility  |d Remote Storage  |t 0  |e JZ6045 .C66 2005  |h Library of Congress classification  |i unmediated -- volume  |m A14831519958 
998 f f |a JZ6045 .C66 2005  |t 0  |l Remote Storage